00467nam a2200193Ia 4500003000400000005001700004008004100021020001800062040000700080041000800087082001800095100002300113245003300136260003600169300001200205365001200217650002500229650001900254OSt20221221122856.0210719s2008 xx 000 0 und d a9788179914076 cAL aeng a 891.468 KELK aKELEKAR (Ravindra) aKaleidoscope Tr by Vidya Pai aMumbaibPopular Prakashanc2008 a212bPB b200cRs aIndian English Prose aKonkani Essays